|
|
|
|
| LEADER |
00000nam0a2200000 4500 |
| 001 |
368224 |
| 005 |
20231102012049.0 |
| 035 |
|
|
|a (RuTPU)RU\TPU\retro\25587
|
| 090 |
|
|
|a 368224
|
| 100 |
|
|
|a 20220404d1980 m y0rusy50 ca
|
| 101 |
0 |
|
|a rus
|
| 102 |
|
|
|a RU
|
| 105 |
|
|
|a a z 001zy
|
| 200 |
1 |
|
|a Клеи и склеивание
|f М. С. Тризно, Е. В. Москалев
|
| 210 |
|
|
|a Ленинград
|c Химия
|d 1980
|
| 215 |
|
|
|a 120 с.
|c ил.
|
| 225 |
1 |
|
|a Библиотечка рабочего по переработке полимерных материалов
|
| 320 |
|
|
|a Библиогр.: с. 120
|
| 606 |
1 |
|
|a Клеи в целом
|2 stltpush
|3 (RuTPU)RU\TPU\subj\39619
|9 59605
|
| 610 |
1 |
|
|a классификация
|
| 610 |
1 |
|
|a назначение
|
| 610 |
1 |
|
|a склеивание
|
| 610 |
1 |
|
|a технология
|
| 610 |
1 |
|
|a клеевые соединения
|
| 610 |
1 |
|
|a испытания
|
| 610 |
1 |
|
|a техника безопасности
|
| 675 |
|
|
|a 665.93
|v 4
|
| 700 |
|
1 |
|a Тризно
|b М. С.
|g Мая Степановна
|
| 701 |
|
1 |
|a Москалев
|b Е. В.
|g Евгений Владимирович
|
| 801 |
|
1 |
|a RU
|b 63413507
|c 20220404
|
| 942 |
|
|
|c BK
|